00617 2200253 4500001002100000005001700021008004100038035002400079082001100103090001800114100001900132245003600151260003600187300002500223500001100248650001500259700001100274850001500285980001500300985000600315986001200321999001500333999001500348YOGYA-0209000000325920090227020618.0 ind  0010-020900000003259 a551.22 a551.22bLee E aLEET, Florence aEartquakecL.Don, Florence Leet aNew YorkbDell Publishingc1964 a223 hlmbilusc16 cm aIndeks aGempa bumi aDon, L aYOPDYOG(B) a11-02-2006 a2 aBprtrev aa000011296 aa000011297